000 00575nam a22001697a 4500
999 _c14931
_d14931
003 OSt
082 _2631.3 ANU/DE
088 _aP 219
100 _aANU N.K
_aLITTLE PRINCE
_aNIMMI P.V
_93427
245 _aDevelopment and performance evaluation of nutmeg sheller
260 _aTavanur 2010
_bKelappaji College of Agricultural Engineering and Technology
300 _a50
500 _aDevelopment and performance evaluation of nutmeg sheller
520 _aDevelopment and performance evaluation of nutmeg sheller
700 _aEr. Sindhu Bhaskar (Guide)
_93426
942 _cPR